| 000 | 00651nam a22002177a 4500 | ||
|---|---|---|---|
| 001 | 30068 | ||
| 003 | BD-RjUL | ||
| 005 | 20211209051515.0 | ||
| 008 | 140408s1961 enk||||| |||| 00| 0 eng d | ||
| 035 | _a(BD-RjUL) 30153 | ||
| 040 |
_aBD-RjUL _beng _cBD-RjUL _dBD-RjUL |
||
| 041 | _aeng | ||
| 082 | 0 | 4 |
_216 _a192 _bLOE 1961 |
| 100 | 1 |
_a Locke, John _991445 |
|
| 245 | 1 | 2 |
_aAn essay concerning human understanding / _cby John Locke _nVol-2 |
| 260 |
_aLondon ; _aNew York : _bJ.M. dent & sons ; _bE.P. dutton & co., _c1961. |
||
| 300 |
_avi, 314p. ; _c18cm. |
||
| 650 | 0 |
_aKnowledge, Theory of. _991446 |
|
| 700 | 1 |
_aYolton, John W. _93674 |
|
| 942 |
_2ddc _cBK |
||
| 999 |
_c30068 _d30068 |
||